1892 1454 1320 1150 1133 1790 1256 1288 1122 1424 1654 1191 1849 1396 1284 1634 1003 1049 1309 1820 1725 1508 1865 1332 1847 1155 1515 1595 1990 1800 1305 1449 1522 1632 1698 1275 1060 1402 1580 1913 1490 1928 1414 1369 1514 1677 1602 1128 1623 1957 1212 1742 1014 1197 1879 1021 1177 1374 1472 1995 1912 1806 1797 1639 1695 1740 1826 1178 1627 1436 1486 1874 1407 1255 1992 1865 1922 1417 1604 1137 1651 1205 1359 1318 1760 1491 1211 1911 1612 1497 1416 1506 1032 1055 1980 1936 1069 1106 1524 BCNSPRNW ULIB Ver.6.0+V

เปลี่ยนเป็นภาษาไทย

Change to English
 แสดงรายละเอียดบรรณานุกรม
  กลับหน้าหลัก

Brief Record : Get Marc (ISO 2709) : E-mail record : QR code < ปิดหน้าต่าง
LEADER : 00000nam 2200000uu 4500
001    13399111980
003     ULIB
008    110627s2552||||th 000 0 tha d
020    9786110600132
090    นว.^bจ686พ 2552
100 0  เจ ที เอม
245 00 พันธสัญญาปริศนาของหัวใจ/^cเจ ที เอม
250    พิมพ์ครั้งที่ 1
260    กรุงเทพฯ :^bแจ่มใส,^c2552
300    216 หน้า
710 1  แจ่มใส
945    ^p159^l0^i026029
995    ทศพร
999 ^a ใช้งานได้ทุกระบบ
รายการนี้ยังไม่มีแท็ก
คุณยังไม่ได้ล็อกอิน คุณสามารถมีกิจกรรมร่วมกับเว็บไซต์ได้ แต่ต้องล็อกอินก่อน ::
  ล็อกอิน

รายการสื่อสารสนเทศ

ลำดับที่ ประเภท เลขเรียก/บาร์โค้ด สถานที่ สถานะ
- ไม่พบข้อมูล -

BibComment


ยังไม่เคยถูกคอมเมนท์

คอมเมนท์ทรัพยากรรายการนี้
  คอมเมนท์: พันธสัญญาปริศนาขอ..


 Copyright 2026. Bcnsprnw @Library